| 000 | 00439cam a2200169ua 4500 | ||
|---|---|---|---|
| 041 |
_aeng _h |
||
| 082 |
_a632.951 _bJAN/RE |
||
| 100 | _aJanes, N F . | ||
| 245 |
_aRecent advances in the chemistry of insect control / _cN F Janes. _hTextual Documents |
||
| 250 |
_a1 / _b. |
||
| 260 |
_aLondon : _bRoyal society of chemistry , _c1985. |
||
| 300 | _a322 ; . | ||
| 500 | _a19462 Ref | ||
| 504 | _a | ||
| 942 | _cBK | ||
| 999 |
_c6733 _d6733 |
||